000 00817cab a2200241 4500
001 ABS59149
008 090401t1998 xxu||||| |||| 00| 0 eng d
035 _a(Sirsi) u87993
041 _aeng
100 _aBolton, R.
245 _aCost study
260 _c1998
350 _a0
490 _aBuilding
_v263(40) 7 August 1998, 48-53(6)
520 _aA review of the redevelopment of Liverpool Football Club`s Anfield Road stand involving the addition of a new upper terrace, and the extension of the two adjacent stands. Includes elemental cost analysis.
650 _aFOOTBALL STANDS
650 _aREDEVELOPMENT
650 _aBUILT ENVIRONMENT-BUILDING MAINTENANCE AND REFURBISHMENT
650 _aSTEEL STRUCTURES
690 _aBUILDING AND CONSTRUCTION-PROJECTS
942 _n0
948 _c14/08/1998
999 _c55551
_d55551